[Event "FICGS class D 000187 email"]
[Site "FICGS email"]
[Date "2012.09.23"]
[Round "1"]
[White "Czekaj, Christophe"]
[Black "Strohmeier, Josef"]
[Result "0-1"]
[WhiteElo "1584"]
[BlackElo "1429"]
[PlyCount "58"]
[EventDate "2012.??.??"]
[EventType "tourn (corr)"]
[EventRounds "6"]
[SourceTitle "Corr 2022"]
[Source "ChessBase"]
[SourceDate "2021.10.24"]
[SourceVersion "1"]
[SourceVersionDate "2021.10.24"]
[SourceQuality "1"]

1. Nc3 d5 2. d4 Nf6 3. Bg5 e6 4. e4 dxe4 5. Nxe4 Be7 6. Bxf6 Bxf6 7. Nf3 0-0 8. Bd3 Be7 9. Qe2 b6 10. 0-0 Bb7 11. Rad1 Nd7 12. c4 c5 13. dxc5 bxc5 14. Nc3 a6 15. Ne5 Bc8 16. Qe4 g6 17. Nxg6 hxg6 18. Qxa8 Qc7 19. Qf3 Kg7 20. h3 Nf6 21. Rfe1 Bb7 22. Qe2 Rh8 23. Ne4 Rh5 24. Nxf6 Bxf6 25. b3 Qf4 26. Qe3 Qc7 27. Be4 Bd4 28. Rxd4 cxd4 29. Qxd4+ Qe5 0-1

[Event "FICGS unrated 00002 email"]
[Site "FICGS email"]
[Date "2012.09.21"]
[Round "1"]
[White "Czekaj, Christophe"]
[Black "Riha, Josef"]
[Result "1-0"]
[WhiteElo "1584"]
[BlackElo "1980"]
[PlyCount "83"]
[EventDate "2012.??.??"]
[EventType "swiss (corr)"]
[EventRounds "1"]
[SourceTitle "Corr 2022"]
[Source "ChessBase"]
[SourceDate "2021.10.24"]
[SourceVersion "1"]
[SourceVersionDate "2021.10.24"]
[SourceQuality "1"]

1. Nc3 e6 2. d4 d5 3. e4 dxe4 4. Nxe4 Qd5 5. Bd3 f5 6. Ng3 Qxg2 7. Nf3 Qh3 8. Bg5 h6 9. Bf1 Qg4 10. h3 Qxg5 11. Nxg5 hxg5 12. Bd3 Nc6 13. c3 Bd6 14. Qe2 Kf7 15. 0-0-0 Nge7 16. Rde1 Nd5 17. Bc4 Nf4 18. Qc2 Kf6 19. Qd1 Bd7 20. Bf1 Rad8 21. Ne2 Nh5 22. Kb1 Ne7 23. Bg2 Bc6 24. Bxc6 Nxc6 25. Qb3 Rb8 26. Ng3 Nf4 27. Qc2 g6 28. Qd1 Rxh3 29. Rxh3 Nxh3 30. d5 exd5 31. Qxd5 Nxf2 32. Qe6+ Kg7 33. Nxf5+ gxf5 34. Qxf5 g4 35. Qxf2 g3 36. Qf5 Ne7 37. Qg5+ Kf7 38. Qh5+ Ng6 39. Qh7+ Kf6 40. Rf1+ Kg5 41. Qg7 Be5 42. Qd7 1-0

[Event "FICGS no engines 00 email"]
[Site "FICGS email"]
[Date "2010.11.14"]
[Round "1"]
[White "Czekaj, Christophe"]
[Black "Larsen, Caleb"]
[Result "1-0"]
[WhiteElo "1584"]
[BlackElo "1638"]
[PlyCount "39"]
[EventDate "2010.??.??"]
[EventType "swiss (corr)"]
[EventRounds "1"]
[SourceTitle "Corr 2013"]
[Source "ChessBase"]
[SourceDate "2012.11.12"]
[SourceVersion "1"]
[SourceVersionDate "2012.11.12"]
[SourceQuality "1"]

1. Nf3 Nf6 2. c4 g6 3. g3 Bg7 4. Bg2 0-0 5. 0-0 d5 6. cxd5 Nxd5 7. Nc3 Nb6 8. d4 Nc6 9. d5 Ne5 10. e4 Bg4 11. h3 Nxf3+ 12. Bxf3 Bxh3 13. Re1 Nc4 14. g4 Ne5 15. Be2 Qd7 16. f3 h5 17. Kh2 hxg4 18. fxg4 Bxg4 19. Rh1 f5 20. Kg3 1-0

[Event "FICGS no engines 00 email"]
[Site "FICGS email"]
[Date "2010.11.14"]
[Round "1"]
[White "Plunkett, Louis"]
[Black "Czekaj, Christophe"]
[Result "1-0"]
[WhiteElo "1623"]
[BlackElo "1584"]
[PlyCount "43"]
[EventDate "2010.??.??"]
[EventType "swiss (corr)"]
[EventRounds "1"]
[SourceTitle "Corr 2013"]
[Source "ChessBase"]
[SourceDate "2012.11.12"]
[SourceVersion "1"]
[SourceVersionDate "2012.11.12"]
[SourceQuality "1"]

1. d4 d5 2. Nc3 Nf6 3. Bg5 c6 4. e3 e6 5. Bd3 Nbd7 6. f4 h6 7. Bh4 Qb6 8. Rb1 Bb4 9. Nge2 Ne4 10. 0-0 Bxc3 11. Nxc3 Nxc3 12. bxc3 Qa5 13. Qd2 b5 14. Bg3 Nb6 15. f5 exf5 16. Bxf5 0-0 17. Qd3 Nc4 18. Bh7+ Kh8 19. Rf2 Bd7 20. Bf5 Bxf5 21. Rxf5 Rae8 22. Rf3 1-0

[Event "FICGS theme 0001 email"]
[Site "FICGS email"]
[Date "2010.09.18"]
[Round "1"]
[White "Czekaj, Christophe"]
[Black "D'Ettorre, Rodolfo"]
[Result "0-1"]
[WhiteElo "1592"]
[BlackElo "1978"]
[PlyCount "62"]
[EventDate "2010.??.??"]
[EventType "swiss (corr)"]
[EventRounds "1"]
[SourceTitle "Corr 2013"]
[Source "ChessBase"]
[SourceDate "2012.11.12"]
[SourceVersion "1"]
[SourceVersionDate "2012.11.12"]
[SourceQuality "1"]

1. e4 e5 2. Nf3 Nc6 3. Bb5 Nf6 4. 0-0 Nxe4 5. d4 a6 6. Bxc6 dxc6 7. Re1 Nf6 8. Rxe5+ Be7 9. Qe2 Ng4 10. Re4 f5 11. Rxe7+ Qxe7 12. Qxe7+ Kxe7 13. Bg5+ Nf6 14. Nbd2 Be6 15. Re1 Rhe8 16. b3 Kf8 17. Bf4 Rac8 18. c4 Bf7 19. Ne5 Rcd8 20. Ndf3 Bh5 21. Kf1 Bxf3 22. Nxf3 Rxe1+ 23. Kxe1 Rd7 24. h3 Ne4 25. Be5 Kf7 26. Ng1 c5 27. d5 h6 28. Ne2 Re7 29. Bb2 b5 30. Kf1 bxc4 31. bxc4 Nd2+ 0-1

[Event "FICGS theme 0001 email"]
[Site "FICGS email"]
[Date "2010.09.18"]
[Round "1"]
[White "Czekaj, Christophe"]
[Black "Hrubaru, Mircea"]
[Result "0-1"]
[WhiteElo "1592"]
[BlackElo "1852"]
[PlyCount "32"]
[EventDate "2010.??.??"]
[EventType "swiss (corr)"]
[EventRounds "1"]
[SourceTitle "Corr 2013"]
[Source "ChessBase"]
[SourceDate "2012.11.12"]
[SourceVersion "1"]
[SourceVersionDate "2012.11.12"]
[SourceQuality "1"]

1. e4 e5 2. Nf3 Nc6 3. Bb5 Nf6 4. 0-0 Bc5 5. Nxe5 Nxe4 6. Bxc6 dxc6 7. d3 Nxf2 8. Rxf2 Bxf2+ 9. Kxf2 Qd4+ 10. Be3 Qxb2 11. Nd2 Qxe5 12. Nf3 Qh5 13. Qd2 Bg4 14. Re1 0-0-0 15. a4 Bxf3 16. gxf3 Qxh2+ 0-1

[Event "FICGS theme 0001 email"]
[Site "FICGS email"]
[Date "2010.09.18"]
[Round "1"]
[White "Czekaj, Christophe"]
[Black "Neil, Charles"]
[Result "1-0"]
[WhiteElo "1584"]
[BlackElo "1256"]
[PlyCount "63"]
[EventDate "2010.??.??"]
[EventType "swiss (corr)"]
[EventRounds "1"]
[SourceTitle "Corr 2013"]
[Source "ChessBase"]
[SourceDate "2012.11.12"]
[SourceVersion "1"]
[SourceVersionDate "2012.11.12"]
[SourceQuality "1"]

1. e4 e6 2. d4 d5 3. Nc3 Nf6 4. Bg5 Bb4 5. e5 h6 6. Bd2 Ne4 7. Nxe4 Bxd2+ 8. Nxd2 c5 9. dxc5 Nd7 10. Bb5 Qa5 11. Bxd7+ Bxd7 12. Ne2 Qxc5 13. 0-0 0-0 14. c3 Bc6 15. Nf3 Rac8 16. Nfd4 a6 17. Qd3 Qe7 18. f4 Qc5 19. Kh1 Qb6 20. Qd2 Bb5 21. Rf3 Rc7 22. Nxb5 Qxb5 23. Nd4 Qc4 24. g4 Rfc8 25. a3 b5 26. f5 exf5 27. gxf5 a5 28. Rg1 b4 29. Qxh6 f6 30. exf6 bxc3 31. Rxg7+ Rxg7 32. Qxg7# 1-0

[Event "FICGS theme 0001 email"]
[Site "FICGS email"]
[Date "2010.09.18"]
[Round "1"]
[White "Simmelink, Joop Theo"]
[Black "Czekaj, Christophe"]
[Result "1-0"]
[WhiteElo "2190"]
[BlackElo "1592"]
[PlyCount "73"]
[EventDate "2010.??.??"]
[EventType "swiss (corr)"]
[EventRounds "1"]
[SourceTitle "Corr 2013"]
[Source "ChessBase"]
[SourceDate "2012.11.12"]
[SourceVersion "1"]
[SourceVersionDate "2012.11.12"]
[SourceQuality "1"]

1. e4 e5 2. Nf3 Nc6 3. Bb5 Nf6 4. 0-0 Nxe4 5. d4 Nd6 6. Bxc6 dxc6 7. dxe5 Nf5 8. Qxd8+ Kxd8 9. Nc3 Be6 10. Rd1+ Ke8 11. h3 h5 12. Ng5 Be7 13. Nxe6 fxe6 14. Ne4 Rd8 15. Rxd8+ Kxd8 16. Ng5 Bxg5 17. Bxg5+ Ne7 18. Rd1+ Ke8 19. f4 b5 20. c4 bxc4 21. Rc1 Nd5 22. Rxc4 Kd7 23. b3 Rb8 24. Ra4 Rb7 25. Ra5 Ke8 26. Kf2 g6 27. Kf3 Kd7 28. g4 hxg4+ 29. hxg4 Nc3 30. Bh4 Nb5 31. Be1 Ke7 32. Ra4 Rb8 33. Rc4 Kd7 34. Bb4 Rh8 35. Kg2 Rh4 36. Bc5 a5 37. a4 1-0

[Event "FICGS W-ch st1 g08 email"]
[Site "FICGS email"]
[Date "2009.11.02"]
[Round "1"]
[White "Vasquez, Fernando Jose Pinto"]
[Black "Czekaj, Christophe"]
[Result "1-0"]
[WhiteElo "1930"]
[BlackElo "1527"]
[PlyCount "61"]
[EventDate "2009.??.??"]
[EventType "tourn (corr)"]
[EventRounds "8"]
[SourceTitle "Corr 2022"]
[Source "ChessBase"]
[SourceDate "2021.10.24"]
[SourceVersion "1"]
[SourceVersionDate "2021.10.24"]
[SourceQuality "1"]

1. e4 e6 2. d4 d5 3. e5 b6 4. Nf3 Ne7 5. c3 Qd7 6. Bd3 Ba6 7. Bxa6 Nxa6 8. Qd3 Nb8 9. 0-0 c5 10. b4 c4 11. Qd1 a5 12. b5 Qxb5 13. Na3 Qd7 14. Rb1 Nc8 15. Ng5 h6 16. Nh3 Na6 17. Nf4 Be7 18. Qf3 Nc7 19. Qe2 Qa4 20. Nc2 Qxa2 21. Rb2 Qa4 22. Nh5 Bf8 23. Bd2 Qc6 24. Qg4 Rg8 25. Nf6+ gxf6 26. Qxg8 Ne7 27. Qh7 fxe5 28. dxe5 Nf5 29. g4 Ne7 30. Rfb1 Rb8 31. Nd4 1-0

[Event "FICGS class D 000125 email"]
[Site "FICGS email"]
[Date "2009.06.28"]
[Round "1"]
[White "Davis, Mark"]
[Black "Czekaj, Christophe"]
[Result "0-1"]
[WhiteElo "1492"]
[BlackElo "1646"]
[PlyCount "64"]
[EventDate "2009.??.??"]
[EventType "tourn (corr)"]
[EventRounds "6"]
[SourceTitle "Corr 2022"]
[Source "ChessBase"]
[SourceDate "2021.10.24"]
[SourceVersion "1"]
[SourceVersionDate "2021.10.24"]
[SourceQuality "1"]

1. e4 d6 2. d4 g6 3. Nf3 Bg7 4. Be3 Nf6 5. Nc3 Ng4 6. Bd3 Nxe3 7. fxe3 0-0 8. 0-0 Nd7 9. Qe2 c5 10. Rad1 e5 11. dxe5 Nxe5 12. Nd5 a6 13. c4 Bd7 14. b3 Rb8 15. Nxe5 Bxe5 16. Qf3 b5 17. Rd2 b4 18. Rdf2 a5 19. h3 a4 20. Qd1 axb3 21. axb3 Ra8 22. Nf6+ Bxf6 23. Rxf6 Qe7 24. Qf3 Be6 25. Qg3 Ra3 26. Bc2 Rfa8 27. e5 Ra1 28. exd6 Qxf6 29. Qf2 Rxf1+ 30. Qxf1 Ra1 31. Bd1 Qxf1+ 32. Kxf1 Rxd1+ 0-1

[Event "FICGS no engines 00 email"]
[Site "FICGS email"]
[Date "2008.10.27"]
[Round "1"]
[White "Colarina, Floram"]
[Black "Czekaj, Christophe"]
[Result "0-1"]
[WhiteElo "1800"]
[BlackElo "1628"]
[PlyCount "76"]
[EventDate "2008.??.??"]
[EventType "swiss (corr)"]
[EventRounds "1"]
[SourceTitle "Corr 2022"]
[Source "ChessBase"]
[SourceDate "2021.10.24"]
[SourceVersion "1"]
[SourceVersionDate "2021.10.24"]
[SourceQuality "1"]

1. d4 d5 2. c4 Nc6 3. Nc3 dxc4 4. Nf3 Nf6 5. Bg5 h6 6. e3 hxg5 7. Bxc4 Bg4 8. Qb3 e6 9. Be2 Bxf3 10. Bxf3 g4 11. Qxb7 gxf3 12. Qxc6+ Nd7 13. Qxf3 Bb4 14. a3 Bxc3+ 15. bxc3 0-0 16. h4 c5 17. h5 cxd4 18. exd4 Qf6 19. Qg3 e5 20. h6 g6 21. Qg4 Rad8 22. Rh3 exd4 23. Qxd4 Rfe8+ 24. Kf1 Qxd4 25. cxd4 Nf6 26. Rd1 Re4 27. Rhd3 Rd5 28. Rf3 Ng4 29. h7+ Kxh7 30. Rfd3 Nh6 31. f3 Re7 32. Kf2 Red7 33. g4 f5 34. g5 Nf7 35. f4 Nd6 36. Rh3+ Kg7 37. Rdh1 Ne4+ 38. Ke3 Kf8 0-1

[Event "FICGS no engines 00 email"]
[Site "FICGS email"]
[Date "2008.10.27"]
[Round "1"]
[White "Satonnet, Patrick"]
[Black "Czekaj, Christophe"]
[Result "1-0"]
[WhiteElo "1587"]
[BlackElo "1628"]
[PlyCount "31"]
[EventDate "2008.??.??"]
[EventType "swiss (corr)"]
[EventRounds "1"]
[SourceTitle "Corr 2022"]
[Source "ChessBase"]
[SourceDate "2021.10.24"]
[SourceVersion "1"]
[SourceVersionDate "2021.10.24"]
[SourceQuality "1"]

1. e4 g6 2. h4 d5 3. exd5 Qxd5 4. Nc3 Qd6 5. Bc4 Bg7 6. Qf3 Nf6 7. d3 Nc6 8. Bf4 Qb4 9. Nge2 Bg4 10. Qe3 0-0-0 11. f3 Qxb2 12. 0-0 Bd7 13. Rab1 Qa3 14. Nb5 Qa5 15. Bxc7 Rde8 16. Bxa5 1-0

[Event "FICGS class D 000108 email"]
[Site "FICGS email"]
[Date "2008.10.26"]
[Round "1"]
[White "Czekaj, Christophe"]
[Black "Kis Kos, Laszlo"]
[Result "0-1"]
[WhiteElo "1628"]
[BlackElo "1682"]
[PlyCount "38"]
[EventDate "2008.??.??"]
[EventType "tourn (corr)"]
[EventRounds "6"]
[SourceTitle "Corr 2022"]
[Source "ChessBase"]
[SourceDate "2021.10.24"]
[SourceVersion "1"]
[SourceVersionDate "2021.10.24"]
[SourceQuality "1"]

1. d4 Nf6 2. Nc3 d5 3. Bg5 e6 4. e3 c5 5. f4 Nc6 6. Nf3 cxd4 7. exd4 h6 8. Bh4 Be7 9. Bd3 Qb6 10. Bb5 0-0 11. 0-0 Bd7 12. h3 Rac8 13. Kh1 Rfe8 14. a3 Ne4 15. Bxc6 Bxc6 16. Be1 Qxb2 17. Nxe4 dxe4 18. Ne5 e3 19. c4 Qxg2# 0-1

[Event "FICGS class D 000108 email"]
[Site "FICGS email"]
[Date "2008.10.26"]
[Round "1"]
[White "Kalinin, Valery"]
[Black "Czekaj, Christophe"]
[Result "1-0"]
[WhiteElo "1775"]
[BlackElo "1628"]
[PlyCount "41"]
[EventDate "2008.??.??"]
[EventType "tourn (corr)"]
[EventRounds "6"]
[SourceTitle "Corr 2022"]
[Source "ChessBase"]
[SourceDate "2021.10.24"]
[SourceVersion "1"]
[SourceVersionDate "2021.10.24"]
[SourceQuality "1"]

1. e4 g6 2. d4 d6 3. f4 Bg7 4. Nf3 Bg4 5. Be2 c5 6. dxc5 Qa5+ 7. c3 Qxc5 8. Qb3 Bxf3 9. Bxf3 Nc6 10. Qxb7 Rb8 11. Qc7 Qb6 12. Qxb6 Rxb6 13. Na3 Kd7 14. 0-0 Nf6 15. Nc4 Rbb8 16. e5 Ne8 17. Be3 dxe5 18. Rad1+ Kc7 19. Bxc6 Kxc6 20. fxe5 Nc7 21. Rxf7 1-0

[Event "FICGS class D 000108 email"]
[Site "FICGS email"]
[Date "2008.10.26"]
[Round "1"]
[White "Soszynski, Marek J"]
[Black "Czekaj, Christophe"]
[Result "1-0"]
[WhiteElo "1771"]
[BlackElo "1628"]
[PlyCount "43"]
[EventDate "2008.??.??"]
[EventType "tourn (corr)"]
[EventRounds "6"]
[SourceTitle "Corr 2022"]
[Source "ChessBase"]
[SourceDate "2021.10.24"]
[SourceVersion "1"]
[SourceVersionDate "2021.10.24"]
[SourceQuality "1"]

1. e4 g6 2. d4 Bg7 3. Nc3 d6 4. f4 Nf6 5. e5 dxe5 6. dxe5 Qxd1+ 7. Kxd1 Ng4 8. Ke1 Bf5 9. h3 Nh6 10. g4 Bd7 11. Bc4 Bc6 12. Rh2 e6 13. Nge2 Nd7 14. Nd4 0-0-0 15. Nxc6 bxc6 16. Ba6+ Kb8 17. Be3 f6 18. Rd1 fxe5 19. Rhd2 exf4 20. Bxf4 e5 21. Be3 Nf7 22. Rxd7 1-0

[Event "FICGS theme 0000 email"]
[Site "FICGS email"]
[Date "2008.10.23"]
[Round "1"]
[White "Czekaj, Christophe"]
[Black "Leskiv, Miroslav"]
[Result "0-1"]
[WhiteElo "1628"]
[BlackElo "1600"]
[PlyCount "44"]
[EventDate "2008.??.??"]
[EventType "swiss (corr)"]
[EventRounds "1"]
[SourceTitle "Corr 2022"]
[Source "ChessBase"]
[SourceDate "2021.10.24"]
[SourceVersion "1"]
[SourceVersionDate "2021.10.24"]
[SourceQuality "1"]

1. d4 d5 2. e4 dxe4 3. Nc3 Nf6 4. f3 exf3 5. Nxf3 e6 6. Bd3 Nc6 7. Bg5 Be7 8. Qd2 h6 9. Be3 Nb4 10. Bc4 0-0 11. 0-0-0 Nbd5 12. Nxd5 exd5 13. Bd3 Re8 14. Ne5 Bd6 15. Bf4 c5 16. c3 cxd4 17. cxd4 Ne4 18. Bxe4 dxe4 19. Rhf1 f6 20. Ng6 Bf5 21. Nh4 e3 22. Nxf5 exd2+ 0-1

[Event "FICGS theme 0000 email"]
[Site "FICGS email"]
[Date "2008.10.23"]
[Round "1"]
[White "Van der Kemp, Michel"]
[Black "Czekaj, Christophe"]
[Result "1-0"]
[WhiteElo "2005"]
[BlackElo "1628"]
[PlyCount "49"]
[EventDate "2008.??.??"]
[EventType "swiss (corr)"]
[EventRounds "1"]
[SourceTitle "Corr 2022"]
[Source "ChessBase"]
[SourceDate "2021.10.24"]
[SourceVersion "1"]
[SourceVersionDate "2021.10.24"]
[SourceQuality "1"]

1. d4 d5 2. e4 dxe4 3. Nc3 e6 4. Nxe4 Qd5 5. Nc3 Bb4 6. Nf3 Nf6 7. Bd3 b6 8. 0-0 Bxc3 9. bxc3 Bb7 10. c4 Qh5 11. Be2 Ng4 12. h3 Nf6 13. Ng5 Qg6 14. Re1 h6 15. Bd3 Qh5 16. Qxh5 Nxh5 17. Nxe6 fxe6 18. Bg6+ Kd7 19. Bxh5 Nc6 20. Ba3 Na5 21. Bf7 Nc6 22. d5 Nd4 23. dxe6+ Kc6 24. e7 Nxc2 25. Re6+ 1-0

[Event "FICGS no engines 00 email"]
[Site "FICGS email"]
[Date "2008.08.29"]
[Round "1"]
[White "Czekaj, Christophe"]
[Black "Martinez, Silvio"]
[Result "1-0"]
[WhiteElo "1747"]
[BlackElo "1800"]
[PlyCount "57"]
[EventDate "2008.??.??"]
[EventType "swiss (corr)"]
[EventRounds "1"]
[SourceTitle "Corr 2022"]
[Source "ChessBase"]
[SourceDate "2021.10.24"]
[SourceVersion "1"]
[SourceVersionDate "2021.10.24"]
[SourceQuality "1"]

1. d4 d5 2. Nf3 Nc6 3. e3 Nf6 4. c4 e5 5. dxe5 Ne4 6. cxd5 Na5 7. Qa4+ Bd7 8. Qxe4 Bb4+ 9. Qxb4 b6 10. Nc3 c5 11. Qe4 0-0 12. Bd3 g6 13. g4 f5 14. gxf5 gxf5 15. Qh4 Qxh4 16. Nxh4 a6 17. e6 Be8 18. Nxf5 b5 19. e4 c4 20. Bc2 Nb7 21. Be3 Bg6 22. 0-0-0 Bxf5 23. exf5 Nd6 24. Bc5 Rfd8 25. Bxd6 Rxd6 26. Ne4 Rdd8 27. d6 Kf8 28. e7+ Ke8 29. exd8Q+ 1-0